Spell the Marvel Villain #2 - Statistics

General Stats
  • This quiz has been taken 22 times
  • The average score is 6 of 9
Answer Stats
Picture Answer % Correct
Carnage
100%
Kraven the Hunter
95%
Taskmaster
76%
Annihilus
62%
Crossbones
62%
Beetle
52%
Black Cat
52%
Attuma
48%
Lady Bullseye
43%
No matching quizzes found
Score Distribution
Percent of People with Each Score
Percentile by Number Answered
Your Score History
You have not taken this quiz